000 01114cam a2200373 4500
008 090401t1991 xxu||||| |||| 00| 0 eng d
020 _a0728201615
035 _a(Sirsi) u28584
041 _aeng
050 _a333.332
100 _aWilliams, R.G.
245 _aAgricultural valuations: a practical guide
250 _a2nd ed.
260 _aLondon
_bEstates Gazette
_c1991
300 _axii,297p. ; 22cm.
350 _a18.5
650 _aPROPERTY-LANDLORD AND TENANT-TENANCIES-AGRICULTURAL TENANCIES
650 _aMANAGEMENT-DISPUTE AVOIDANCE, MANAGEMENT AND RESOLUTION-DISPUTE MANAGEMENT AND RESOLUTION-ARBITRATION
650 _aCompulsory purchase
_96228
650 _aCROPS
650 _aDilapidations
_96235
650 _aEASEMENTS
650 _aFARM LOSS PAYMENTS
650 _aFARMLAND
650 _aHOME LOSS PAYMENTS
650 _aPROPERTY-RURAL AND NATURAL ASSETS-AGRICULTURAL PROPERTY-LIVESTOCK
650 _aMANAGEMENT AGREEMENTS
650 _aMILK QUOTAS
650 _aRENT
650 _aValuation
_96273
650 _aWAYLEAVES
942 _n0
948 _c04/03/1997
999 _c89301
_d89301